000 02072aam a2200361 i 4500
001 768714001
003 CO-MdFUSB
005 20250527145939.0
007 ta
008 231023t20002000spaa||ag |||| 00| 0 spa d
020 _a8486874661
040 _aCO-MdFUSB
_bspa
_cCO-MdFUSB
_dCO-MdFUSBC
_erda
041 _aspa
_heng
082 _223
_a364.675
_bAC188
240 _aTake a step to stamp out torture
245 _a¡Actúa ya! tortura, nunca más
_c/ edición de Internacional Amnistía
250 _aEdicion española
264 1 _aMadrid, España :
_bAmnistía internacional,
_c[2000]
264 4 _c©2000
300 _a151 páginas
_b: fotografías a blanco y negro
_c; 24 cm
336 _2rdacontent
_atexto
_btxt
337 _2rdamedia
_asin mediación
_bn
338 _2rdacarrier
_avolumen
_bnc
504 _aIncluye índice
505 _tLa tortura en la actualidad:
_a La tortura a manos de la policía -- Condiciones de reclusión crueles, inhumanas o degradantes -- Tortura legal: la pena judicial de castigo corporal -- La violencia en el hogar y la comunidad -- La tortura como arma de guerra.
_tLa discriminación: un terreno abonado para la tortura:
_aRacismo y tortura -- Tortura a mujeres -- Tortura e identidad sexual -- Tortura a niños.
_tImpunidad:
_aLa impunidad, un problema mundial -- Obstáculos a la justicia -- No debe haber refugio seguro para los torturadores -- Los tribunales internacionales.
_tLa lucha contra la tortura: programa de acción:
_aPrevenir la tortura: salvaguardias bajo custodia -- Elaboración de estrategias -- El uso del sistema internacional contra la tortura -- Conquistar el corazón y la voluntad de la gente -- Poner fin al comercio de la tortura -- Proteger a quienes huyen de la tortura -- La tortura y los profesionales de la medicina -- Asistencia a las víctimas de tortura.
563 _aRústico.
650 7 _aViolencia
_2embne
_92121
650 7 _aJusticia y política
_96934
653 _aTortura
710 _aAmnistía Internacional,
_98990
_eeditor
942 _cBK
945 _asor1564
999 _c69197
_d69197